000
00274nam a22001097a 4500
008
170110b xxu||||| |||| 00| 0 eng d
020
_a
9780803602083
041
_a
eng
080
_a
618.2
245
_a
TRANSCULTURAL HEALTH CARE
_c
PURNELL, L.D & PAULANKA, B.J
942
_2
udc
_c
BK
999
_c
2670
_d
2670